| 000 | 00486nam a2200169Ia 4500 | ||
|---|---|---|---|
| 008 | 220216s9999 xx 000 0 und d | ||
| 100 | _aZehr B E | ||
| 245 | 0 | _aSome practical considerations for using RFLP markers to aid in selection during inbreeding of maize | |
| 260 |
_bTheoretical and applied genetics _c1992 |
||
| 300 | _a704-708 | ||
| 650 | _aMarker based selection | ||
| 650 | _aRFLP | ||
| 650 | _aZea mays L | ||
| 700 | _aChojecki | ||
| 700 | _aDudley J W | ||
| 942 | _cJS | ||
| 999 |
_c69027 _d69027 |
||